El mundo de la Biblia : el Mediterráneo : el alba de la navegación /

Uloženo v:
Podrobná bibliografie
Další autoři: Sánchez Bosch, Jorge (dirección) (dirección), Peñafiel, Juan (traducción) (traducción)
Médium: Kniha
Jazyk:španělština
Vydáno: Valencia, España : Edicep, 1991, c1991
Tagy: Přidat tag
Žádné tagy, Buďte první, kdo vytvoří štítek k tomuto záznamu!

MARC

LEADER 00000nam^a2200000^a^4500
001 000579120
005 20250526000000.0
009 20260310132522.314
037 |a Acervo Xavier Clavigero 
041 |a ESP 
091 |a FIP. 01392 
245 0 3 |a El mundo de la Biblia :  |b el Mediterráneo : el alba de la navegación / 
264 4 |a Valencia, España :  |b Edicep,  |c 1991, c1991 
300 |a 56 p. ;  |c 28.5 cm. 
336 |a texto  |b txt  |2 rdacontenido 
337 |a sin mediación  |b n  |2 rdamedio 
338 |a volumen  |b nc  |2 rdasoporte 
649 |a XX 
700 |a Sánchez Bosch, Jorge  |e (dirección) 
700 |a Peñafiel, Juan  |e (traducción) 
910 |a Fondo Manuel Ignacio Pérez Alonso S.J. 
920 |a Impresos - Libros 
930 |a Libros Antiguos y Raros 
905 |a 108 
901 |a 0500409024  |b IT2  |c LRA  |i D  |u 20250526 
902 |a https://opac.biblio.iteso.mx/vufind/Record/000579120